00737 a2200217 4500999001700000003000500017005001700022008004100039020001500080020001800095082001400113100002500127245007300152260005700225300002100282490002900303700002500332830003500357942003200392952009500424 c29456d29456NUST20180118140958.0180118b xxu||||| |||| 00| 0 eng d a080186867X a978080186867204a530.159231 aLemons, Don S.9880213aAn introduction to stochastic processes in physics /cDon S. Lemons. a[S.l.] :bThe Johns Hopkins University Press,c2002. a128 p. ;c22 cm.1 aJohns hopkins paperback. aLemons, Don S.98802 0aJohns hopkins paperback.98803 aSNScBKk530.15923 LEM2ddc 00104070aSNSbSNSd2016-05-26l0o530.15923 LEMpSNS0001001r2016-05-26w2016-05-26yBK